000 00795nam a22001577a 4500
003 OSt
005 20151206101509.0
008 151206b xxu||||| |||| 00| 0 eng d
040 _cRUA
082 _aATM ង៉ោ 1989 B188 Or.1
100 _94380
_aង៉ោ ប៊ុនថាន
245 _aការរៀបចំជួសជុលនិងបច្ចេកទេសថែទាំត្រាក់ទ័រសំភារៈ បរិក្ខា នៅក្នុងខេត្តបាត់ដំបង និងការតំឡើងម៉ាស៊ីន សំរាប់លាង រន្ធប្រេងខ្វែង របស់ភ្លៅ វីឡឺប្រឺកាំង
260 _aPhnom Penh
_bRUA
_c1989
300 _a117p.
_bill.
_c29cm.
942 _2ddc
_cATM
999 _c4083
_d4083